80 najdrozszych pomocnikow na swiecie - Statystyki

Ogólne statystyki
  • Ten quiz został rozwiązany 32 razy
  • Średni wynik to 20 z 80
Statystyki odpowiedzi
Hint Odpowiedź % Poprawnych
90mln Gavi
94%
150mln Bellingham
89%
90mln Camavinga
89%
70mln De Bruyne
89%
100mln Pedri
89%
90mln De Jong
78%
75mln Fernandes
67%
110mln Musiala
67%
100mln Rodri
67%
75mln Kimmich
61%
90mln Odegaard
61%
90mln Tchouameni
61%
35mln Zielinski
56%
45mln Goretzka
50%
80mln Silva
50%
100mln Valverde
50%
75mln Barella
44%
40mln Casemiro
44%
80mln Fernandez
44%
100mln Rice
44%
65mln Mac Allister
39%
90mln Caicedo
33%
40mln De Paul
33%
35mln Partey
33%
40mln Calhanoglu
28%
50mln Olmo
28%
45mln Vitinha
28%
40mln Brandt
22%
40mln Lobotka
22%
70mln Maddison
22%
60mln Mount
22%
40mln Neves
22%
32mln Palmer
22%
85mln Wirtz
22%
38mln Fabinho
17%
38mln Kovacic
17%
65mln Paqueta
17%
70mln Szoboszlai
17%
60mln Tonali
17%
40mln Veratti
17%
50mln Zaire Emery
17%
48mln Eze
11%
40mln Gallagher
11%
85mln Guimaraes
11%
60mln Havertz
11%
42mln Joelinton
11%
50mln Lavia
11%
35mln Llorente
11%
50mln Merino
11%
35mln Palacios
11%
40mln Savic
11%
40mln Zubimendi
11%
35mln Alvarez
6%
38mln Bennacer
6%
40mln Bentancur
6%
32mln Hojbjerg
6%
80mln Nkunku
6%
55mln Nunes
6%
40mln Rabiot
6%
35mln Sarr
6%
55mln Ugarte
6%
35mln Doucoure
0%
35mln Elliott
0%
35mln Fagioli
0%
40mln Gibbs White
0%
35mln Gravanberch
0%
35mln Kokcu
0%
40mln Kone
0%
35mln Koopmeiners
0%
40mln Kudus
0%
55mln Luiz
0%
50mln Onana
0%
55mln Palhinha
0%
42mln Ramsey
0%
35mln Sangare
0%
35mln Soucek
0%
40mln Thuram
0%
38mln Ward Prowse
0%
38mln Willock
0%
40mln Zambo Anguissa
0%
Nie znaleziono quizów pasujących do podanych kryteriów
Rozkład punktacji
Procent ludzi z każdym wynikiem
Percentyl według liczby udzielonych odpowiedzi
Twoja historia wyników
Nie rozwiązałeś tego quizu